000 00611nam a2200181Ia 4500
008 151202s9999||||xx |||||||||||||| ||und||
082 _bPNVM-76658
100 _aप्रभु मीना
245 _aगाथा इराणी
260 _b"पुरंदरे प्रकाशन,१२२८ सदाशिव पेठ,पुणे -४११०३०"
260 _c2015
300 _a376
600 _aप्रभु मीना
630 _aगाथा इराणी
700 _aप्रभु मीना
730 _aगाथा इराणी
942 _cBOOK
999 _c1343317
_d1343314